000 01459nam a22002057a 4500
003 NALT
005 20260107100628.0
008 250925b th ||||| |||| 00| 0 tha d
040 _aNALT
100 0 _aเกริกภพ ฤทธิ์สุริยะ.
_967218
245 1 0 _aแผ่นดินเลือดพระเจ้าทรงธรรม /
_cเกริกภพ ฤทธิ์สุริยะ.
_h[electronic resource]
260 _aกรุงเทพฯ :
_bออลเดย์ ช็อปปิ้ง,
_cม.ป.ป.
300 _aOnline resource
505 2 _aแผ่นดินกรุงศรีอยุธยา -- หลังสมเด็จพระนเรศวรมหาราชสวรรคต -- เหตุการณ์วุ่นวายรัชสมัยสมเด็จพระศรีเสาวภาคย์ -- พระศรีศิลป์แย่งชิงราชบัลลังก์ ฯลฯ
650 4 _aกษัตริย์และผู้ครองนคร
_zไทย
_yสมัยอยุธยา
_967219
651 4 _aไทย
_xประวัติศาสตร์
_yกรุงศรีอยุธยา, 1893-2310
_yสมเด็จพระเจ้าทรงธรรม
_925576
856 4 0 _uhttps://ebook.parliament.go.th/ebookall/detail/438258
_zE-Book
942 _cEBK
_2lcc
996 _ajamriang.p
_bCATSTF
_c2026-01-07
999 _c107280
_d107280
998 _j1020
_k นางจำเรียง ระวังสำโรง